000 01356nam a22003497a 4500
001 1328
005 20230816160640.0
008 230816b cb ||||| |||| 00| 0 eng d
020 _a9780590465953
040 _aFISKH
_cFISKH
_dFISKH
_beng
050 0 0 _aPZ7.P4445
082 _aFic
100 1 _aPeterson, John
_d1924-2002.
245 1 4 _aThe Littles and their amazing new friend /
_cby John Peterson ; Interior illustrations by Roberta Carter Clark
250 _aThis edition first printing, December 2008
260 _aNew York :
_bScholastic,
_c1977
300 _a80 pages :
_billustrations ;
_c20 cm.
490 0 _aLittles
500 _a"A Little Apple paperback."
505 _aH
520 _aUncle Nick had a nasty accident when he tried to get between his pet mouse and Hildy the cat. To make him feel better, the Littles travel to Trash City to bring back Uncle Nick's friends for a visit. The journey is long and perilous. Will this trip end in disaster?
521 _a510
_bLexile
521 _aH
_bRaz-Plus
650 0 _aFantasy.
650 0 _aFriendship
_vFiction.
650 0 _aLittle family (Fictitious characters)
_vFiction.
655 7 _aChildren's stories.
_2lcsh
655 7 _aFantasy fiction.
_2gsafd
700 1 _aClark, Roberta Carter
906 _a7
_bcbc
_ccopycat
_d2
_encip
_f20
_gy-genrareb
942 _2ddc
_cBK
_n0
999 _c1328
_d1328